[Event "6th Philadelphia Open"]
[Site "Philadelphia USA"]
[Date "2012.04.04"]
[Round "1.9"]
[White "Black,James A"]
[Black "Panchanathan,M"]
[Result "0-1"]
[WhiteElo "2190"]
[BlackElo "2557"]

1.d4 Nf6 2.c4 e6 3.Nc3 Bb4 4.f3 d5 5.a3 Bxc3+ 6.bxc3 c5 7.cxd5 Nxd5 8.dxc5 Qa5
9.e4 Ne7 10.Be3 O-O 11.Qb3 Nd7 12.Bb5 Qc7 13.Bxd7 Bxd7 14.Ne2 Nc6 15.O-O Na5
16.Qb4 e5 17.Rfd1 Be6 18.Nd4 exd4 19.cxd4 Nc6 20.Qb2 Bd7 21.d5 Nd8 22.Rac1 Re8
23.Bf2 f6 24.Qb4 Qf4 25.Bg3 Qe3+ 26.Bf2 Qg5 27.Bg3 h5 28.Qe1 Rc8 29.Qf2 Ba4
30.Re1 Nf7 31.f4 Qg4 32.h3 Qd7 33.Qf3 b6 34.c6 Bxc6 35.dxc6 Rxc6 36.Rcd1 Rd6
37.Rxd6 Qxd6 38.e5 fxe5 39.fxe5 Qg6 40.Kh2 Ng5 41.Qb7 Qf7 42.Qc6 Qe6 43.Qb7 Qf7
44.Qc6 Kh7 45.h4 Ne6 46.Rf1 Qg6 47.Rd1 Nc5 48.Rd6 Re6 49.Qf3 Qg4 50.Qxg4 hxg4
51.Rd4 Rg6 52.Kg1 b5 53.Bf2 g3 54.Be3 Ra6 55.Rd1 Ne4 56.Bc1 Rc6 57.Kf1 Nf2  0-1

[Event "16th Neckar Open"]
[Site "Deizisau GER"]
[Date "2012.04.05"]
[Round "1.18"]
[White "Zulfic,F"]
[Black "Farago,I"]
[Result "0-1"]
[WhiteElo "2112"]
[BlackElo "2500"]

1.d4 Nf6 2.c4 e6 3.Nc3 Bb4 4.f3 d5 5.a3 Bxc3+ 6.bxc3 c5 7.cxd5 exd5 8.e3 Qc7
9.Ne2 O-O 10.Ng3 Re8 11.Be2 h5 12.O-O h4 13.Nh1 Nc6 14.Bd3 Bd7 15.Ra2 Re7
16.Nf2 Rae8 17.Re2 Qc8 18.Rfe1 cxd4 19.cxd4 Bf5 20.Bb2 Bxd3 21.Qxd3 Nh5 22.Rc2 Nf4
23.Qd2 h3 24.e4 Nxg2 25.Rec1 Qe6 26.Nxh3 Nh4 27.Ng5 Qg6 28.Qf4 Qxg5+ 29.Qxg5 Nxf3+
30.Kf1 Nxg5 31.exd5 Nd8  0-1

[Event "O2C Doeberl Cup Premier 2012"]
[Site "Canberra AUS"]
[Date "2012.04.06"]
[Round "3.9"]
[White "Bai,Jinshi"]
[Black "Johansen,D"]
[Result "1/2-1/2"]
[WhiteElo "2231"]
[BlackElo "2444"]

1.d4 Nf6 2.c4 e6 3.Nc3 Bb4 4.f3 c5 5.d5 O-O 6.e4 d6 7.Ne2 b5 8.a3 Ba5 9.Ng3 bxc4
10.Bxc4 Bxc3+ 11.bxc3 Qa5 12.Qd3 exd5 13.exd5 Nbd7 14.Bf4 Re8+ 15.Kf2 Ne5
16.Bxe5 Rxe5 17.Rhe1 Rxe1 18.Rxe1 Bd7 19.Ra1 Rb8 20.Ra2 Qb6 21.Qd2 h6  1/2-1/2

[Event "O2C Doeberl Cup Premier 2012"]
[Site "Canberra AUS"]
[Date "2012.04.08"]
[Round "8.8"]
[White "Akshat,Kh"]
[Black "Li,Zuhao Luke"]
[Result "1/2-1/2"]
[WhiteElo "2411"]
[BlackElo "2170"]

1.d4 e6 2.c4 Nf6 3.Nc3 Bb4 4.f3 Nc6 5.a3 Bxc3+ 6.bxc3 b6 7.e4 Ba6 8.e5 Ng8
9.Bd3 Na5 10.Qe2 Nb3 11.Rb1 Nxc1 12.Rxc1 c5 13.Nh3 d5 14.cxd5 Bxd3 15.Qxd3 Qxd5
16.Nf4 Qc6 17.Nh5 g6 18.Ng3 f5 19.exf6 Nxf6 20.O-O O-O 21.Rfe1 Rfe8 22.Qe3 Rad8
23.Qg5 Kg7 24.Ne4 Nxe4 25.Rxe4 Rd5 26.Qe3 cxd4 27.cxd4 Qd6 28.Rc4 Rb5 29.Qc1 Re7
30.Rh4 h5 31.Re4 Rb3 32.Rc3 Rxc3 33.Qxc3 Qd5 34.Re5 Qd6 35.Qe3 Kf7 36.Qf4+ Ke8
37.g3 Qxa3 38.Kg2 Qa2+ 39.Kh3 Qc4 40.Re4 Kd7 41.Re1 e5 42.Qe4 Qe6+ 43.Kg2 Qc6
44.d5 Qc3 45.Rd1 Rf7 46.Rd3 Qc2+ 47.Kh3 g5 48.d6 Qb1 49.Qb7+ Ke6 50.Qd5+ Kf6
51.Kg2 Qe1 52.Rd2 Rd7 53.Qd3 h4 54.g4 Rh7 55.h3 Qg3+ 56.Kf1 Qxh3+ 57.Rg2 Qh1+
58.Rg1 Qh3+ 59.Kf2 e4 60.Qxe4 Rf7 61.Qf5+ Kg7 62.Qxg5+ Kf8 63.Qh6+ Kg8 64.Qg6+ Kf8
65.Qh6+ Kg8 66.Qg6+ Kf8 67.Qd3 Qh2+ 68.Rg2 Qe5 69.d7 Qc5+ 70.Kf1 Qc1+ 71.Kf2 Qc5+
72.Ke2 Qe7+ 73.Kf1  1/2-1/2

[Event "O2C Doeberl Cup Premier 2012"]
[Site "Canberra AUS"]
[Date "2012.04.08"]
[Round "9.7"]
[White "Li,Zuhao Luke"]
[Black "Xie,G"]
[Result "1/2-1/2"]
[WhiteElo "2170"]
[BlackElo "2456"]

1.d4 Nf6 2.c4 e6 3.Nc3 Bb4 4.f3 Nc6 5.a3 Bxc3+ 6.bxc3 b6 7.e4 Ba6 8.e5 Ng8
9.Nh3 Na5 10.Qa4 Ne7 11.Bd3 h6 12.Nf4 O-O 13.h4 d6 14.Bb1 dxe5 15.Qc2 Nf5
16.dxe5 Bxc4 17.g4 Bb3 18.Qh2 Ne7 19.g5 Nf5 20.Qg2 Kh8 21.h5 Nc4 22.gxh6 gxh6
23.Ng6+ fxg6 24.hxg6 Kg7 25.Bxf5 Rxf5 26.Bxh6+ Kg8 27.Bg7 Kxg7 28.Rh7+ Kg8
29.Rh8+ Kg7 30.Rh7+ Kg8 31.Rh8+ Kg7  1/2-1/2

[Event "Karposh Open 2012"]
[Site "Skopje MKD"]
[Date "2012.04.12"]
[Round "7.32"]
[White "Andrejic,V"]
[Black "Dinev,De"]
[Result "1/2-1/2"]
[WhiteElo "2164"]
[BlackElo "2373"]

1.d4 Nf6 2.c4 e6 3.Nc3 Bb4 4.f3 d5 5.a3 Be7 6.e4 dxe4 7.fxe4 e5 8.d5 O-O
9.Nf3 Ng4 10.Qe2 f5 11.Be3 a5 12.Bg1 Na6 13.O-O-O Nc5 14.h3 fxe4 15.hxg4 exf3
16.gxf3 Qe8 17.Kb1 b6 18.Rh3 Qg6+ 19.Ka2 Bd6 20.Be3 e4 21.Qe1 Rxf3 22.Bxc5 bxc5
23.Rxf3 exf3 24.Bd3 Qf7 25.Qe4 g6 26.Rf1 f2 27.Nd1 Bd7 28.Rxf2 Qe7 29.Qg2 Qg5
30.Be2 Rf8 31.Rxf8+ Bxf8 32.Qf3 Bd6 33.Nf2 Qe5 34.Ne4 Kg7 35.Kb3 h6 36.Qc3 Qxc3+
37.Kxc3 Be5+ 38.Kc2 Bd4 39.b3 g5 40.Kd3 Be8 41.b4 axb4 42.axb4 Bg6 43.Bf3 Kf7  1/2-1/2

[Event "Schachbundesliga 2011-12"]
[Site "Berlin GER"]
[Date "2012.04.14"]
[Round "14"]
[White "Spoelman,W"]
[Black "Almasi,Z"]
[Result "0-1"]
[WhiteElo "2563"]
[BlackElo "2710"]

1.d4 Nf6 2.c4 e6 3.Nc3 Bb4 4.f3 c5 5.d5 O-O 6.e4 Re8 7.Ne2 d6 8.Nf4 Bxc3+
9.bxc3 e5 10.Nd3 Qa5 11.Bd2 Nbd7 12.g4 Nf8 13.h4 h5 14.g5 N6h7 15.Bg2 Ng6
16.Qb3 Rb8 17.a4 Bd7 18.Kf2 Qd8 19.Bh3 Bxh3 20.Rxh3 a6 21.a5 Nhf8 22.Qa4 Nd7
23.Rb1 b6 24.axb6 Nxb6 25.Qxa6 Qc8 26.Qxc8 Rexc8 27.Ke2 Nxc4 28.Rxb8 Rxb8
29.Rh1 Rb3 30.Kd1 Ra3 31.Kc2 Nxd2 32.Kxd2 Ra2+ 33.Ke3 Rc2 34.c4 Rxc4 35.Ra1 Nxh4
36.Kf2 Rc2+ 37.Kg3 Ng2 38.Ra6 Ne3 39.g6 Rg2+ 40.Kh4 Rxg6 41.Nxe5 dxe5 42.d6 Ng2+
43.Kxh5 Nf4+ 44.Kh4 Rg2  0-1

[Event "ch-FRA Juniors 2012"]
[Site "Nimes FRA"]
[Date "2012.04.14"]
[Round "1.1"]
[White "Dubessay,B"]
[Black "Delivre,R"]
[Result "1-0"]
[WhiteElo "2372"]
[BlackElo "2079"]

1.d4 Nf6 2.c4 e6 3.Nc3 Bb4 4.f3 O-O 5.a3 Bxc3+ 6.bxc3 d5 7.e3 c5 8.cxd5 exd5
9.Bd3 Nc6 10.Ne2 Re8 11.O-O Bd7 12.Ng3 Qc7 13.Ra2 Rac8 14.Bb1 Na5 15.e4 Bb5
16.Re1 Bc4 17.Rb2 cxd4 18.cxd4 Bb3 19.Qd3 Bc4 20.Qd1 Bb3 21.Rxb3 Qxc1 22.Qxc1 Rxc1
23.Rxc1 Nxb3 24.Rc7 Nxd4 25.Rxb7 dxe4 26.Nxe4 Nxe4 27.Bxe4 a5 28.Ra7 a4 29.Rxa4 Ne2+
30.Kf1 Nc3 31.Ra8 Kf8 32.Rxe8+ Kxe8 33.Ke1 Kd7 34.Kd2 Na4 35.Bxh7 g6 36.h4 Ke6
37.h5 gxh5 38.g3 Kf6 39.f4 Ke6 40.Kd3 Nb6 41.Kd4 Kf6 42.Bc2 Ke6 43.a4 Kd6
44.Bb3 f6 45.Bd1 h4 46.gxh4 Nd5 47.f5 Ne7 48.Bc2 Nc6+ 49.Ke4 Nb4 50.h5 Ke7
51.h6  1-0

[Event "ch-BUL 2012"]
[Site "Panagyurishte BUL"]
[Date "2012.04.20"]
[Round "3.3"]
[White "Petkov,V"]
[Black "Nikolov,Mo"]
[Result "1/2-1/2"]
[WhiteElo "2509"]
[BlackElo "2550"]

1.d4 Nf6 2.c4 e6 3.Nc3 Bb4 4.f3 c5 5.a3 Bxc3+ 6.bxc3 O-O 7.e4 Nc6 8.Be3 d6
9.Bd3 b6 10.Ne2 Ba6 11.O-O Na5 12.Bg5 Bxc4 13.f4 Qc7 14.Bxf6 gxf6 15.Ng3 Kh8
16.Bxc4 Nxc4 17.Qh5 Rg8 18.f5 Qe7 19.Qh6 Qf8 20.Qxf6+ Qg7 21.fxe6 Qxf6 22.Rxf6 fxe6
23.Rxe6 Rae8 24.Rxe8 Rxe8 25.a4 Rf8 26.Ra2 Kg7 27.Nf5+ Kg6 28.Rf2 Re8 29.Rf4 cxd4
30.cxd4 a6 31.Kf2 b5 32.axb5 axb5 33.Ke2 Ra8 34.Ne7+ Kg7 35.Nd5 Ra2+ 36.Kf3 Rd2
37.Nc7 b4 38.Ne6+ Kg6 39.Nf8+ Kg7 40.Ne6+ Kg6 41.g4 h6 42.h4 Rd3+ 43.Kf2 Rd2+
44.Kf3 Rd3+ 45.Kf2 Rd2+ 46.Ke1 b3 47.h5+ Kh7 48.Rf7+ Kg8 49.Rf8+ Kh7 50.Rf7+ Kg8
51.Rf8+ Kh7  1/2-1/2

[Event "Grand Congress Open"]
[Site "Bournemouth ENG"]
[Date "2012.04.22"]
[Round "5.3"]
[White "Williams,Pe"]
[Black "Girdlestone,P"]
[Result "1-0"]
[WhiteElo "2239"]
[BlackElo "2191"]

1.d4 Nf6 2.c4 e6 3.Nc3 Bb4 4.f3 c5 5.d5 b5 6.e4 bxc4 7.Bxc4 exd5 8.Bxd5 Nxd5
9.Qxd5 Nc6 10.Ne2 Ba6 11.Kf2 O-O 12.Rd1 Ba5 13.a3 Nd4 14.Bg5 Qb8 15.b4 Bb7
16.Qxd7 Nxe2 17.Nxe2 cxb4 18.axb4 Bxb4 19.Rab1 a5 20.Be7 Bxe7 21.Qxe7 Qa7+
22.Nd4 Bc8 23.Qxa7 Rxa7 24.Nc6 Ra8 25.Ra1 a4 26.Rd4 Re8 27.Ne7+ Kf8 28.Nd5 Bb7
29.Nc7 Red8 30.Raxa4 Rxd4 31.Rxd4 Ra2+ 32.Kg3 Ke7 33.Nb5 Bc6 34.Nd6 Ke6 35.Nf5 Ke5
36.f4+  1-0

[Event "10th Nabokov Mem IM"]
[Site "Kiev UKR"]
[Date "2012.04.22"]
[Round "4.1"]
[White "Manukyan,SaV"]
[Black "Melnichuk,M"]
[Result "1/2-1/2"]
[WhiteElo "2266"]
[BlackElo "2343"]

1.d4 Nf6 2.c4 e6 3.Nc3 Bb4 4.f3 d5 5.a3 Bxc3+ 6.bxc3 c5 7.cxd5 Nxd5 8.dxc5 f5
9.Qc2 O-O 10.e4 fxe4 11.fxe4 Qf6 12.Nf3 Qxc3+ 13.Qxc3 Nxc3 14.Bd3 b6 15.Bd2  1/2-1/2

[Event "14th Dubai Open 2012"]
[Site "Dubai UAE"]
[Date "2012.04.23"]
[Round "9.11"]
[White "Grover,S"]
[Black "Zhou Weiqi"]
[Result "0-1"]
[WhiteElo "2517"]
[BlackElo "2628"]

1.d4 Nf6 2.c4 e6 3.Nc3 Bb4 4.f3 d5 5.a3 Bxc3+ 6.bxc3 c5 7.cxd5 exd5 8.e3 c4
9.e4 dxe4 10.Bg5 Qa5 11.Qc1 Nbd7 12.Bxc4 O-O 13.Ne2 Re8 14.Rb1 Qc7 15.Bb3 exf3
16.gxf3 b6 17.Kf2 Ba6 18.Ng3 Rac8 19.Re1 Rxe1 20.Qxe1 Qxc3 21.Nf5 Bb7 22.Qd1 Re8
23.Bd2 Qd3 24.Bc2 Qxa3 25.Ra1 Qf8 26.Rxa7 Bd5 27.Bf4 Ra8 28.Bd6 Qe8 29.Qg1 g6
30.Ne7+ Kg7 31.Qa1 Qd8 32.Nxd5 Rxa7 33.Qxa7 Nxd5 34.Be4 Nc3 35.Bc6 Qh4+ 36.Kg2 Qg5+
37.Bg3 Qd2+ 38.Kh3 Nf6 39.Qe7 Ne2 40.Be5 Nf4+ 41.Kg3 Nh5+ 42.Kh3 Qg5 43.d5 Nf4+
44.Bxf4 Qxf4 45.d6 Qf5+ 46.Kg3 Qg5+ 47.Kh3 Qf5+ 48.Kg3 Nh5+ 49.Kf2 Qc5+ 50.Ke1 Nf4
51.Be8 Qg1+ 52.Kd2 Qf2+ 53.Kc1 Nd3+ 54.Kd1 Qxf3+ 55.Kd2 Qd5 56.d7 Ne5+ 57.Ke2 Nc6
58.Qe3 Nd8 59.Qc3+ f6 60.Qc8 Qe5+ 61.Kd3 Qd6+ 62.Ke2 Qxh2+ 63.Kf1 Qf4+  0-1

[Event "TCh-AUT 2 Ost 2011-12"]
[Site "Bruck AUT"]
[Date "2012.04.28"]
[Round "10"]
[White "Liedl,W"]
[Black "Neff,G"]
[Result "1/2-1/2"]
[WhiteElo "2224"]
[BlackElo "2174"]

1.d4 Nf6 2.c4 e6 3.Nc3 Bb4 4.f3 O-O 5.e4 d5 6.e5 Ne8 7.cxd5 exd5 8.f4 c5
9.Be3 cxd4 10.Bxd4 Nc6 11.a3 Bxc3+ 12.bxc3 Nc7 13.Nf3 Bg4 14.Be2 Ne6 15.Qd2 Qa5
16.Rb1 b6 17.Rb3 Rac8 18.Be3 Rfd8 19.Nd4 Ncxd4 20.Bxd4 Bxe2 21.Kxe2 Nxd4+
22.cxd4 Qa6+ 23.Ke3 Qc4 24.Rhb1 g6 25.Qd3 Kf8 26.f5 Ke7 27.Rb5 Qxd3+ 28.Kxd3 gxf5
29.a4 Ke6 30.a5 bxa5 31.Rxa5 Rb8 32.Ra6+ Rb6 33.Rbxb6+ axb6 34.Rxb6+ Ke7
35.Rf6 Rg8 36.g3 Ra8 37.Rh6 Ra3+ 38.Ke2 Ra4 39.Ke3 Ra3+ 40.Kf4 Rd3 41.Rxh7 Rxd4+
42.Kxf5 Rd2 43.Kf4 Re2 44.Rh6 d4 45.Rd6 Rxh2 46.Rxd4 Rh1 47.Kf5 Rh5+ 48.Kf4 Rh6
49.Ra4 Rh1 50.Ra7+ Ke6 51.Ra6+ Ke7 52.Ra3 Ke6 53.Re3 Rf1+  1/2-1/2

[Event "Copenhagen Chess Challenge 2012"]
[Site "Ballerup DEN"]
[Date "2012.05.03"]
[Round "3"]
[White "Andersen,Ki"]
[Black "Stojanovski,Sa"]
[Result "0-1"]
[WhiteElo "2009"]
[BlackElo "2200"]

1.d4 Nf6 2.c4 e6 3.Nc3 Bb4 4.f3 Nc6 5.e3 d5 6.Qc2 e5 7.a3 exd4 8.axb4 dxc3
9.bxc3 O-O 10.cxd5 Nxd5 11.e4 Nb6 12.b5 Ne5 13.Ba3 Re8 14.Rd1 Qh4+ 15.g3 Qf6
16.Be2 Be6 17.Bc5 Bc4 18.Bd4 Qe6 19.Bxc4 Nbxc4 20.Kf2 Nd6 21.Bxe5 Qxe5 22.Rd5 Qf6
23.Kg2 Re5 24.Qd3 Rxd5 25.exd5 Re8 26.Ne2 Qe5 27.Kf2 h5 28.Ra1 Nc8 29.Ra4 Qd6
30.Re4 Rxe4 31.fxe4 Qe5 32.Qd4 f6 33.Ke3 Nd6 34.c4 Nf5+  0-1

[Event "Asian Continental w 2012"]
[Site "Ho Chi Minh City VIE"]
[Date "2012.05.10"]
[Round "6.4"]
[White "Sachdev,T"]
[Black "Gomes,Mary"]
[Result "0-1"]
[WhiteElo "2417"]
[BlackElo "2378"]

1.d4 Nf6 2.c4 e6 3.Nc3 Bb4 4.f3 c5 5.d5 O-O 6.e4 d6 7.Ne2 Re8 8.Nf4 exd5
9.cxd5 a6 10.a4 Nbd7 11.Be2 Ne5 12.Nd3 Nxd3+ 13.Qxd3 Nd7 14.O-O Ne5 15.Qc2 Bd7
16.f4 Ng4 17.Bxg4 Bxg4 18.f5 f6 19.Bd2 c4 20.Rae1 b5 21.Kh1 Qb6 22.Bc1 Bc5
23.Nd1 bxa4 24.Ne3 Bh5 25.g4 Bf7 26.Nxc4 Qb3 27.Qxb3 axb3 28.Bd2 Rxe4  0-1

[Event "Asian Continental w 2012"]
[Site "Ho Chi Minh City VIE"]
[Date "2012.05.12"]
[Round "8.9"]
[White "Sachdev,T"]
[Black "Vo Thi Kim Phung"]
[Result "1-0"]
[WhiteElo "2417"]
[BlackElo "2155"]

1.d4 Nf6 2.c4 e6 3.Nc3 Bb4 4.f3 c5 5.d5 d6 6.e4 exd5 7.cxd5 O-O 8.Ne2 a6
9.Ng3 Re8 10.Be2 Nbd7 11.O-O Qc7 12.Nf5 Ne5 13.g4 c4 14.Kh1 Bc5 15.g5 Nfd7
16.f4 Ng6 17.Bxc4 b5 18.Bd3 Nb6 19.a3 b4 20.axb4 Bxb4 21.Bd2 Nc4 22.Bc1 Nb6
23.Qb3 a5 24.Nb5 Qd8 25.Nbd4 Bxf5 26.Nxf5 Ne7 27.Ng3 Ng6 28.Be3 Nd7 29.Bb5 Rf8
30.Bc6 Rc8 31.Bd4 Nc5 32.Qf3 f6 33.gxf6 gxf6 34.Nf5 Rc7 35.Rg1 Kh8 36.Rg2 Ne7
37.Nh6 Nxc6 38.dxc6 Ne6 39.Bb6 Bc5 40.Bxc7 Qxc7 41.Qg4 Ng7 42.Rxa5 f5 43.exf5 Qe7
44.Ra1 Bd4 45.Rd1 Bc5 46.Qg5 Qxg5 47.fxg5 Nh5 48.Rg4 Ra8 49.Nf7+ Kg8 50.Nxd6  1-0

[Event "30th Liechtenstein Open 2012"]
[Site "Triesen LIE"]
[Date "2012.05.13"]
[Round "3.14"]
[White "Dittmar,P"]
[Black "Mertens,K"]
[Result "1-0"]
[WhiteElo "2297"]
[BlackElo "2064"]

1.d4 Nf6 2.c4 e6 3.Nc3 Bb4 4.f3 d5 5.a3 Be7 6.e3 O-O 7.cxd5 exd5 8.Bd3 Re8
9.Nge2 Nbd7 10.O-O c5 11.Nf4 cxd4 12.exd4 Nb6 13.Qb3 Bd6 14.a4 a5 15.Kh1 Bb8
16.Bd2 Be6 17.Nxe6 Rxe6 18.Rae1 Qd6 19.g3 Qb4 20.Qc2 Rxe1 21.Rxe1 Qf8 22.Nb5 h6
23.b3 Qd8 24.Qc1 Bd6 25.Qb1 Nc8 26.Bf1 Qd7 27.Re3 Bf8 28.Qe1 Nd6 29.Nxd6 Bxd6
30.Bxa5 Qf5 31.Bd3 Qh5 32.Bb4 Bxb4 33.Qxb4 Rc8 34.Kg2 g5 35.Qxb7 Rc1 36.Qb8+ Kg7
37.Qe5 Rc3 38.Bf5 Rxe3 39.Qxe3 g4 40.fxg4 Nxg4 41.Bxg4 Qxg4 42.Qd3 h5 43.h3 Qg5
44.h4 Qc1 45.a5 Qb2+ 46.Kf3 Qa1 47.a6 Qh1+ 48.Ke2 Qg2+ 49.Kd1 Qg1+ 50.Kc2 Qf2+
51.Qd2 Qf5+ 52.Kb2  1-0

[Event "21st Chicago Open"]
[Site "Wheeling USA"]
[Date "2012.05.26"]
[Round "5"]
[White "Coleman,T"]
[Black "Williams,Justus D"]
[Result "1/2-1/2"]
[WhiteElo "2407"]
[BlackElo "2189"]

1.d4 Nf6 2.c4 e6 3.Nc3 Bb4 4.f3 c5 5.d5 b5 6.e4 O-O 7.Bg5 h6 8.Bh4 bxc4 9.Bxc4 g5
10.Bf2 exd5 11.Bxd5 Nxd5 12.Qxd5 Qb6 13.Ne2 Ba6 14.Rd1 Nc6 15.h4 Bxc3+ 16.bxc3 Qb2
17.Qd2 Rfb8 18.Bg3 Qxd2+ 19.Rxd2 Rb1+ 20.Rd1 Rb2 21.Rd2 Rb1+  1/2-1/2

[Event "Albena Masters Open 2012"]
[Site "Albena BUL"]
[Date "2012.05.27"]
[Round "2.27"]
[White "Akshat,Kh"]
[Black "Chikovani,V"]
[Result "1-0"]
[WhiteElo "2400"]
[BlackElo "2069"]

1.d4 Nf6 2.c4 e6 3.Nc3 Bb4 4.f3 c5 5.d5 Bxc3+ 6.bxc3 e5 7.e4 h6 8.Bd3 Na6
9.Be3 b6 10.Ne2 Nc7 11.g4 Bb7 12.Ng3 g6 13.Qd2 Ng8 14.h4 Qe7 15.Bc2 Qf6 16.f4 O-O-O
17.O-O-O Ne8 18.g5 Qg7 19.fxe5 Qxe5 20.Bf4 Qg7 21.e5 hxg5 22.hxg5 Ne7 23.Rxh8 Qxh8
24.Rh1 Qg7 25.Ne4 Nf5 26.Rh3 Kb8 27.Qh2 Qf8 28.Rh8 Qe7 29.Nf6 Nfg7 30.Ng8  1-0

[Event "Women's World Rapid Championship 2012"]
[Site "Batumi GEO"]
[Date "2012.05.31"]
[Round "2.3"]
[White "Ushenina,A"]
[Black "Dzagnidze,N"]
[Result "1/2-1/2"]
[WhiteElo "2454"]
[BlackElo "2547"]

1.d4 Nf6 2.c4 e6 3.Nc3 Bb4 4.f3 d5 5.a3 Bxc3+ 6.bxc3 c5 7.cxd5 Nxd5 8.dxc5 Qa5
9.e4 Ne7 10.Be3 O-O 11.Qb3 Qc7 12.Bb5 Bd7 13.Rb1 b6 14.Ne2 bxc5 15.O-O Rc8
16.Rfd1 Ng6 17.Qa4 Nf8 18.Bf4 e5 19.Be3 Be6 20.Bc4 Bxc4 21.Qxc4 Nbd7 22.Nc1 Rab8
23.Nb3 Rb6 24.Nd2 Ne6 25.Qa4 Rcb8 26.Rxb6 Nxb6 27.Qa6 Rd8 28.Rb1 Qd7 29.Nb3 Qa4
30.Qxa4 Nxa4 31.Kf1 f6 32.Na5 Nxc3 33.Rb7 Rd3 34.Nc4 a6 35.Rb6 Nd4 36.Rxa6 Rd1+
37.Kf2 Ra1 38.Bxd4 cxd4 39.h4 Ra2+ 40.Kf1 Ne2 41.a4 Nf4 42.g3 Nd3 43.a5 Rf2+
44.Kg1 Rxf3 45.Nd6 h5 46.Ra8+ Kh7 47.a6 Ne1 48.a7 Ra3 49.Nb5 Ra2 50.Rd8 d3
51.a8=Q Nf3+ 52.Kf1 Nh2+ 53.Ke1 Nf3+ 54.Kd1 Rd2+ 55.Kc1 Rc2+ 56.Kb1 Nd2+
57.Ka1 Nb3+ 58.Kb1 Nd2+ 59.Ka1  1/2-1/2

[Event "Mitropa Cup 2012"]
[Site "Sibenik CRO"]
[Date "2012.05.31"]
[Round "1"]
[White "Rosenthal,Jon"]
[Black "Saric,A"]
[Result "1/2-1/2"]
[WhiteElo "2325"]
[BlackElo "2513"]

1.d4 Nf6 2.c4 e6 3.Nc3 Bb4 4.f3 d5 5.a3 Bxc3+ 6.bxc3 c5 7.cxd5 exd5 8.e3 Qc7
9.Rb1 cxd4 10.cxd4 Bf5 11.Bd3 Bxd3 12.Qxd3 O-O 13.Ne2 Re8 14.O-O Nc6 15.Bd2 Rac8
16.Rfc1 Qd7 17.Qb3 b6 18.Nf4 Ne7 19.a4 Rxc1+ 20.Rxc1 Rc8 21.Rxc8+ Nxc8 22.a5 Qc6
23.Bb4 h6  1/2-1/2

[Event "Women's World Rapid Championship 2012"]
[Site "Batumi GEO"]
[Date "2012.06.03"]
[Round "10.15"]
[White "Ushenina,A"]
[Black "Cori T.,D"]
[Result "1-0"]
[WhiteElo "2454"]
[BlackElo "2386"]

1.d4 Nf6 2.c4 e6 3.Nc3 Bb4 4.f3 d5 5.a3 Bxc3+ 6.bxc3 O-O 7.cxd5 exd5 8.e3 c5
9.Bd3 Nh5 10.Ne2 c4 11.Bc2 Qh4+ 12.g3 Qh3 13.Kf2 g6 14.Qf1 Qd7 15.g4 Ng7
16.Ng3 Qe7 17.h4 Qf6 18.Kg2 a5 19.a4 Ra6 20.e4 Qd8 21.exd5 f5 22.g5 Qxd5
23.Rb1 Bd7 24.Ne2 Bc6 25.Nf4 Qf7 26.Qf2 Nd7 27.Re1 Rb6 28.Ra1 Bd5 29.Ba3 Re8
30.Rxe8+ Nxe8 31.Re1 Nd6 32.Qe3 Kf8 33.Nxd5  1-0

[Event "1st Grand Europe Open"]
[Site "Golden Sands BUL"]
[Date "2012.06.06"]
[Round "3.68"]
[White "Snuverink,L"]
[Black "Dimitrov,Pa"]
[Result "1/2-1/2"]
[WhiteElo "1946"]
[BlackElo "2323"]

1.d4 Nf6 2.c4 e6 3.Nc3 Bb4 4.f3 d5 5.a3 Bxc3+ 6.bxc3 c5 7.cxd5 exd5 8.e3 O-O
9.Bd3 Nh5 10.Ne2 Qh4+ 11.g3 Qh3 12.Kf2 Nc6 13.Bb1 Re8 14.Ra2 c4 15.Ng1 Qe6
16.e4 dxe4 17.fxe4 Nf6 18.Re2 Qg4 19.h3 Qh5 20.Kg2 Qb5 21.Bc2 Qa5 22.Re3 b6
23.Nf3 Bb7 24.Qe2 Ne7 25.Ne5 Ng6 26.Nxc4 Rxe4 27.Bxe4 Bxe4+ 28.Kh2 Qd5 29.Rf1 Bf5
30.Ne5 Be6 31.Rd1 b5 32.Nxg6 hxg6 33.Re5 Qd7 34.Qxb5 Bxh3 35.Qxd7 Bxd7 36.Ra5 Re8
37.Bf4 Re2+ 38.Kg1 Ne4 39.Rd3 Bh3 40.Re3 Rg2+ 41.Kf1 f5 42.Ke1 Rg1+ 43.Ke2 Bf1+
44.Kf3 Bg2+ 45.Ke2 Rb1 46.Rxe4 Bxe4 47.Rxa7 Rb2+ 48.Ke3 Rb3 49.Kd2 Rb2+ 50.Kd1 Rb3
51.Bd2 g5 52.a4 f4 53.gxf4 g4 54.Be1 Rb2 55.Ra5 Ra2 56.Kc1 Rc2+ 57.Kd1 Ra2
58.Kc1 Rc2+ 59.Kd1 Ra2 60.Kc1  1/2-1/2

[Event "Server24Chess 2012"]
[Site "Ortisei ITA"]
[Date "2012.06.07"]
[Round "6"]
[White "Ulibin,M"]
[Black "Gretarsson,Hj"]
[Result "0-1"]
[WhiteElo "2519"]
[BlackElo "2477"]

1.d4 Nf6 2.c4 e6 3.Nc3 Bb4 4.f3 O-O 5.a3 Bxc3+ 6.bxc3 Ne8 7.e4 b6 8.Bd3 Ba6
9.Nh3 Nc6 10.e5 Qh4+ 11.Nf2 Na5 12.Qe2 c5 13.O-O cxd4 14.Ne4 f5 15.exf6 gxf6
16.g3 Qh5 17.g4 Qh4 18.Bd2 Rc8 19.cxd4 Nxc4 20.d5 exd5 21.Nc3 Bb7 22.Bf4 Ng7
23.Bxc4 Rxc4 24.Qd2 Ne6 25.Bd6 Rfc8 26.Nxd5 Rc2 27.Ne7+ Kf7 28.Qe1 Qxg4+
29.Qg3 Qxg3+ 30.hxg3 R8c3 31.Nf5 Bxf3 32.Nh4 Ng5  0-1

[Event "1st Grand Europe Open"]
[Site "Golden Sands BUL"]
[Date "2012.06.08"]
[Round "5.27"]
[White "Akshat,Kh"]
[Black "Melkumyan,H"]
[Result "0-1"]
[WhiteElo "2400"]
[BlackElo "2642"]

1.d4 Nf6 2.c4 e6 3.Nc3 Bb4 4.f3 d5 5.a3 Bxc3+ 6.bxc3 c5 7.cxd5 Nxd5 8.dxc5 f5
9.Qc2 Nd7 10.e4 fxe4 11.fxe4 N5f6 12.Nf3 Nxc5 13.e5 Nfe4 14.Be3 Bd7 15.Bd4 Qa5
16.Qb2 Rc8 17.Be2 O-O 18.O-O Qc7 19.Qb1 h6 20.Re1 Rf4 21.Bd1 Rcf8 22.Ra2 Bc6
23.Rae2 Qf7 24.Bc2 Rxf3 25.gxf3 Ng5 26.Rf2 Nh3+ 27.Kf1 Nxf2  0-1

[Event "Server24Chess 2012"]
[Site "Ortisei ITA"]
[Date "2012.06.08"]
[Round "7"]
[White "Waldner,M"]
[Black "Van Heirzeele,D"]
[Result "1/2-1/2"]
[WhiteElo "2068"]
[BlackElo "2160"]

1.d4 Nf6 2.c4 e6 3.Nc3 Bb4 4.f3 d5 5.a3 Bxc3+ 6.bxc3 c5 7.cxd5 exd5 8.Bg5 h6
9.Bd2 Nc6 10.e3 Bf5 11.Ne2 O-O 12.dxc5 Nd7 13.Nd4 Bg6 14.Bb5 Rc8 15.O-O Nxc5
16.Re1 a6 17.Bf1 b5 18.Nb3 Na4 19.e4 dxe4 20.fxe4 Re8 21.Qc2 Qe7 22.c4 Bxe4
23.Qa2 Qb7 24.cxb5 axb5 25.Be3 Bd5 26.Nc5 Nxc5 27.Qxd5 Re5  1/2-1/2

[Event "OKU Open GpA 2012"]
[Site "Utrecht NED"]
[Date "2012.06.09"]
[Round "4.3"]
[White "Zwirs,Nico"]
[Black "Goudriaan,E"]
[Result "0-1"]
[WhiteElo "2183"]
[BlackElo "2321"]

1.d4 Nf6 2.c4 e6 3.Nc3 Bb4 4.f3 O-O 5.a3 Bxc3+ 6.bxc3 Ne8 7.e3 b6 8.Bd3 Nc6
9.Ne2 Na5 10.c5 bxc5 11.dxc5 Qg5 12.Kf2 Qxc5 13.Rb1 Nc4 14.Qa4 Ned6 15.Nd4 a5
16.Nb3 Qh5 17.h4 Ba6 18.Bxc4 Bxc4 19.Qxd7 Qd5 20.Qa4 Rab8 21.Nd2 Rxb1 22.Nxb1 Qd3
23.Nd2 Qe2+ 24.Kg1 Qxe3+ 25.Kh2 Qe5+ 26.g3 Qxc3 27.Qc6 Rc8 28.Re1 Qd4 29.Kh3 Bb5
30.Qc2 Qf2 31.Rh1 Nf5 32.Qxc7  0-1

[Event "FSIMA June 2012"]
[Site "Budapest HUN"]
[Date "2012.06.11"]
[Round "9.3"]
[White "Galyas,M"]
[Black "Kojima,S"]
[Result "1-0"]
[WhiteElo "2403"]
[BlackElo "2264"]

1.d4 Nf6 2.c4 e6 3.Nc3 Bb4 4.f3 Nc6 5.a3 Bxc3+ 6.bxc3 b6 7.e4 Ba6 8.Bd3 Na5
9.Qe2 d6 10.Bg5 Qd7 11.a4 O-O-O 12.Nh3 h6 13.Bd2 e5 14.O-O Qe6 15.d5 Qe7
16.c5 Bxd3 17.Qxd3 Nd7 18.c6 Nc5 19.Qe2 Nab3 20.Be3 Kb8 21.Rab1 Ka8 22.Nf2 Rb8
23.Nd3 Rhd8 24.a5 bxa5 25.Nxc5 Nxc5 26.Bxc5 dxc5 27.Qa6 c4 28.Rb7 Qc5+ 29.Kh1 Rdc8
30.Rfb1  1-0

[Event "5th Mayors Cup 2012"]
[Site "Mumbai IND"]
[Date "2012.06.14"]
[Round "10.3"]
[White "Aleksandrov,A"]
[Black "Kunte,A"]
[Result "1-0"]
[WhiteElo "2606"]
[BlackElo "2538"]

1.d4 Nf6 2.c4 e6 3.Nc3 Bb4 4.f3 d5 5.a3 Bxc3+ 6.bxc3 c5 7.cxd5 Nxd5 8.dxc5 Qa5
9.e4 Nf6 10.Be3 O-O 11.Rb1 Nfd7 12.Kf2 Qxa3 13.Ne2 Qa5 14.Ra1 Qd8 15.Qd6 Qf6
16.Bd4 Qd8 17.h4 Nc6 18.Ng3 e5 19.Be3 Ndb8 20.Bc4 Qxd6 21.cxd6 Be6 22.Bd5 Rd8
23.Rhb1 Rxd6 24.Rxb7 Bxd5 25.Rd1 Rd7 26.Rxd7 Nxd7 27.Rxd5 Nf8 28.Rc5 Nd8
29.Rxe5 Nfe6 30.Ra5 Rc8 31.Ne2 Nc6 32.Ra6 h5 33.Nd4 Ncxd4 34.cxd4 Rc2+ 35.Kf1  1-0

[Event "3rd Forni di Sopra Open"]
[Site "Forni di Sopra ITA"]
[Date "2012.06.19"]
[Round "5.5"]
[White "Saravanan,V1"]
[Black "Lalith,B"]
[Result "0-1"]
[WhiteElo "2401"]
[BlackElo "2529"]

1.d4 Nf6 2.c4 e6 3.Nc3 Bb4 4.f3 O-O 5.a3 Bxc3+ 6.bxc3 d6 7.e4 Nh5 8.Be3 f5
9.Bd3 f4 10.Bf2 Qg5 11.g4 fxg3 12.hxg3 Nxg3 13.Nh3 Qh4 14.Rg1 Qxh3 15.Bxg3 e5
16.dxe5 Nc6 17.exd6 cxd6 18.Bf1 Qh6 19.Qd2 Qxd2+ 20.Kxd2 Rxf3 21.Bxd6 Na5
22.Bb4 Nc6 23.Bd6 Be6 24.Be2 Rh3 25.Rab1 Rd8 26.c5 b6 27.Ke1 Rxc3 28.Bb5 Nd4  0-1

[Event "Teplice Open 2012"]
[Site "Teplice CZE"]
[Date "2012.06.19"]
[Round "4.13"]
[White "Kantorik,M"]
[Black "Stastny,Pe"]
[Result "1-0"]
[WhiteElo "2305"]
[BlackElo "2075"]

1.d4 Nf6 2.c4 e6 3.Nc3 Bb4 4.f3 d5 5.a3 Bxc3+ 6.bxc3 O-O 7.cxd5 exd5 8.e3 c5
9.Bd3 b6 10.Ne2 Nc6 11.O-O Re8 12.Ng3 Bb7 13.Re1 cxd4 14.cxd4 Na5 15.Bb2 Nc4
16.Bxc4 dxc4 17.e4 Rc8 18.Bc3 Qc7 19.d5 Nd7 20.Nf5 Ne5 21.d6 Qd7 22.f4 Ng6
23.Qg4 Rcd8 24.Ne7+ Kf8 25.f5 f6 26.Rad1 a5 27.e5 Nxe7 28.dxe7+ Qxe7 29.exf6 Qc5+
30.Kh1 Rxe1+ 31.Bxe1  1-0